000 nam a22 7a 4500
999 _c9930
_d9930
008 180208b ||||| |||| 00| 0 eng d
100 _aStevensow, P
_95992
245 _aFavorite takes the entrepruneship
260 _aLondon
_bPenguin Publication
_c1994